00334pab a2200109 454500008004000000245009100040260000900131300001000140362000900150650002200159773004300181180718b1989 xxu||||| |||| 00| 0 eng d aSeminar of local government management and finance held in Bombay from 20-23 Jan. 1989 c1989 a11-15 aJan. aMunicipal Finance aBrihan Mumbai Mahanagar Palika Patrika